Archiv für Wirtschaftsgeographie. (Record no. 42477)

MARC details
000 -LEADER
campo de control de longitud fija 00680nam a2200181 i 4500
001 - NÚMERO DE CONTROL
campo de control 42477
003 - IDENTIFICADOR DE NÚMERO DE CONTROL
campo de control ES-MaACL
005 - FECHA Y HORA DE LA ÚLTIMA TRANSACCIÓN
campo de control 20250830221721.0
007 - CAMPO FIJO DE DESCRIPCIÓN FÍSICA--INFORMACIÓN GENERAL
campo de control de longitud fija t|
008 - DATOS DE LONGITUD FIJA--INFORMACIÓN GENERAL
campo de control de longitud fija 030401s1886 gw ||||1| ger d
100 1# - ENTRADA PRINCIPAL--NOMBRE DE PERSONA
Nombre de persona Supan, Alexander.
9 (RLIN) 108801
245 10 - MENCIÓN DEL TÍTULO
Título Archiv für Wirtschaftsgeographie.
Número de parte o sección de la obra , . I,
Nombre de parte o sección de la obra Nordamerika, 1880-1885 /
Mención de responsabilidad, etc. von Alexander Supan.
260 ## - PUBLICACIÓN, DISTRIBUCIÓN, ETC.
Lugar de publicación, distribución, etc. Gotha :
Nombre del editor, distribuidor, etc. Justus Perthes,
Fecha de publicación, distribución, etc. 1886.
300 ## - DESCRIPCIÓN FÍSICA
Extensión 57 p., [2] h. map. pleg. ;
Dimensiones 28 cm.
651 #7 - PUNTO DE ACCESO ADICIONAL DE MATERIA--NOMBRE GEOGRÁFICO
Nombre geográfico Estados Unidos-
Subdivisión general Geografía económica
Fuente del encabezamiento o término
9 (RLIN) 145618
852 ## - LOCALIZACIÓN
Ubicación ES-MaACL
Número de control de estantería G-4274(6)
condición física . - Encuadernado con otras obras
Nota libre .- Forma parte de la col. facticia "Varios de geografía" alemán
Holdings
Estatus retirado Estado de pérdida Estado de daño No para préstamo Colección Biblioteca de origen Biblioteca actual Ubicación en estantería Fecha de adquisición Fuente de adquisición Total de préstamos Signatura topográfica completa Código de barras Visto por última vez Precio de reemplazo Tipo de ítem Koha
        Libros del s. XIX Biblioteca del Ateneo de Madrid Biblioteca del Ateneo de Madrid Depósito 2 17/01/2008     G-4274 1044714 23/02/2023 23/02/2023 Libro impreso antiguo